000 01523nam a2200337 4500
003 OSt
005 20231019145800.0
008 231019s2017 mx ad||f |||| 001 0 spa d
020 _a9789264307360 (OCDE )
020 _a9789251305225 (FAO)
040 _erda
_cCHAP
082 0 0 _222
_a338.1
_bO15 2018
245 0 0 _aOCDE-FAO perspectivas agrícolas 2018-2027 /
_cedición en español Laura Milena Valencia Escobar y Sonia García Baena
246 3 4 _aOCDE-FAO perspectivas agrícolas 2018-2027:
_bEnfoque especial: Oreinte Medio y África del Norte.
250 _aDecimocuarta edición.
264 4 _aParís:
_bOCDE:
_bFAO,
_bUniversidad Autónoma Chapingo,
_c2018.
300 _a112 páginas:
_bIlustraciones, cuadros, gráficas.
336 _2rdacontent
_atexto
_btxt
337 _2rdamedia
_asin medio
_bn
338 _2rdacarrier
_avolumen
_bnc
500 _aContenido con enfoque especial: Oriente medio y África del Norte
504 _aIncluye índice y bibliografía
534 _pPublicado originalmente como:
_tAgricultural Outlook 2018-2027
_cOrganización para la Cooperación y el Desarrollo Económicos (OCDE) y la Organización de las Naciones Unidas para la Alimentación y la Agricultura (FAO), 2018.
650 4 _9139697
_aProducción agrícola
_xEstadísticas
650 4 _9188166
_aProducción agrícola
_zMedio Oriente
650 4 _9188167
_aProducción agrícola
_zÁfrica del Norte
700 1 _9188163
_aGarcía Baena, Sonia
_eedición.
942 _2ddc
942 _2ddc
942 _cLIBRO
999 _c219290
_d219290